|
|
|
|
| LEADER |
01541cam a2200289 i 4500 |
| 010 |
|
|
|a 2015040523
|
| 020 |
|
|
|a 9780670024582(hardcover)
|
| 042 |
|
|
|a pcc
|
| 043 |
|
|
|a e------
|
| 050 |
0 |
0 |
|a D424
|b .K45 2015
|
| 082 |
0 |
0 |
|a 940.5
|
| 100 |
1 |
|
|a Kershaw, Ian,
|
| 245 |
1 |
0 |
|a To hell and back :
|b Europe, 1914-1949 /
|c Ian Kershaw.
|
| 300 |
|
|
|a xxiv, 592 pages :
|b illustrations, maps ;
|c 24 cm.
|
| 490 |
0 |
|
|a The Penguin history of Europe ;
|v 8
|
| 504 |
|
|
|a Includes bibliographical references (pages 523-550) and index.
|
| 505 |
0 |
|
|a Introduction: Europe's era of self-destruction -- On the brink -- The great disaster -- Turbulent peace -- Dancing on the volcano -- Gathering shadows -- Danger zone -- Towards the abyss -- Hell on earth -- Quiet transitions in the dark decades -- Out of the ashes.
|
| 650 |
|
0 |
|a World War, 1914-1918
|
| 650 |
|
0 |
|a World War, 1939-1945
|
| 651 |
|
0 |
|a Europe
|x History
|y 1918-1945
|
| 776 |
0 |
8 |
|i Online version:
|a Kershaw, Ian, author.
|t To hell and back
|d New York, New York : Viking, 2016
|z 9780698411500
|w (DLC) 2015044235
|
| 856 |
4 |
2 |
|3 Book review (H-Net)
|u http://www.h-net.org/reviews/showrev.php?id=47349
|
| 906 |
|
|
|a 7
|b cbc
|c orignew
|d 1
|e ecip
|f 20
|g y-gencatlg
|
| 942 |
|
|
|c BK
|
| 955 |
|
|
|b rf08 2015-11-09
|i rf08 2015-11-09 (episodic telework project) to Dewey
|a rf01 2016-01-04 Copy to CALM
|a xk15 2016-03-02 2 copies (x-copy/discards) to CALM
|
| 999 |
|
|
|c 291012
|d 291012
|
| 952 |
|
|
|0 0
|1 0
|4 0
|6 940_500000000000000_KER_T
|7 0
|9 331271
|a HIS
|b HIS
|c ST1
|d 2017-06-06
|i 25473
|l 0
|o 940.5 KER/T
|p HIS25473
|r 2018-08-23
|w 2018-08-23
|y BK
|